| 000 | 00467nam a2200169Ia 4500 | ||
|---|---|---|---|
| 008 | 230917s9999||||xx |||||||||||||| ||und|| | ||
| 020 | _cRS445 | ||
| 040 |
_e256671 _aMAIN |
||
| 041 | _aEnglish | ||
| 082 | _a362.682095483 S21A | ||
| 100 | _aSebastian, Daliya | ||
| 245 | 0 | _aAgeing and elder abuse: A study in Kerala | |
| 260 |
_aJaipur _bRawat Publications _c2013 |
||
| 300 | _a199 p. | ||
| 500 | _a3556 25/07/2019 HBD19/7921 07/08/2019 Main Budget | ||
| 942 | _cBK | ||
| 999 |
_c32080 _d32080 |
||